书目信息 |
| 题名: |
伊林及其作品
|
|
| 作者: | ;人民出版社资料组 编 | |
| 分册: | ||
| 出版信息: | 人民出版社资料组 1978 |
|
| 页数: | 281页 | |
| 开本: | 20cm | |
| 丛书名: | ||
| 单 册: | ||
| 中图分类: | I056 | |
| 科图分类: | ||
| 主题词: | 文学理论--各体 , 创作方法--各体 | |
| 电子资源: | ||
| ISBN: | ||
| 000 | 00573nam0 2200193 450 | |
| 001 | 0661690611 | |
| 005 | 20060803171002.78 | |
| 010 | @dCNY0.55 | |
| 100 | @a20060803d1978 km y0chiy0120 ea | |
| 101 | 0 | @achi |
| 200 | 1 | @a伊林及其作品@Ayi lin ji qi zuo pin@f人民出版社资料组编@Fren min chu ban she zi liao zu bian |
| 210 | @c人民出版社资料组@d1978 | |
| 215 | @a281页@d20cm | |
| 606 | 0 | @a文学理论@x各体 |
| 606 | 0 | @a创作方法@x各体 |
| 690 | @aI056@v3 | |
| 711 | 0 | @a人民出版社资料组@Aren min chu ban she zi liao zu@4编 |
| 801 | 0 | @aCN@bPFT@c20060803 |
| 905 | @a10447@dI056@e141 | |
| 伊林及其作品/人民出版社资料组编.-人民出版社资料组,1978 |
| 281页;20cm |
| ISBN :CNY0.55 |
| ● |
| 相关链接 |
|
|
|
|
正题名:伊林及其作品
索取号:I056/141
 
预约/预借
| 序号 | 登录号 | 条形码 | 馆藏地/架位号 | 状态 | 备注 |
| 1 | 0429227 | 204292274 | 密集书库/ [索取号:I056/141] | 在馆 |